000 00489nam a2200181Ia 4500
005 20250326125528.0
008 250326s9999 xx 000 0 und d
037 _aTextbook
040 _aFMSL
_beng
_cFMSL
041 _aeng
_2eng
084 _aBobX:8 L1
_qFMSL
100 _aBattersby A
245 0 _aMathematics in management
_cBattersby A
260 _aEngland
_bEngland, Penguin Books
_c1971
300 _a255p
942 _cTB
_hBobX:8 L1
999 _c1278447
_d1278447